[Event "ch-AUS 2024"]
[Site "Adelaide AUS"]
[Date "2024.01.03"]
[Round "2.10"]
[White "Leong, Benjamin"]
[Black "Rodgers, Jack"]
[Result "1-0"]
[WhiteTitle "CM"]
[BlackTitle "FM"]
[WhiteElo "1879"]
[BlackElo "2059"]
[WhiteFideId "3238512"]
[BlackFideId "3220885"]
[EventDate "2024.01.02"]
[EventType "swiss"]

1. e4 c5 2. Nc3 a6 3. g3 b5 4. Bg2 Bb7 5. Nh3 g6 6. O-O Bg7 7. d3 b4 8. Ne2 e6
9. f4 Ne7 10. Be3 Qc7 11. d4 d5 12. dxc5 dxe4 13. Bd4 e5 14. fxe5 Bxe5 15. Ng5
O-O 16. Nxe4 Bxe4 17. Bxe4 Nbc6 18. c3 Rad8 19. Qd3 bxc3 20. bxc3 f5 21. Qc4+
Rf7 22. Rad1 Rf8 23. Bg2 g5 24. Bxc6 Nxc6 25. Rxf5 Kh8 26. Rxf7 Qxf7 27. Qxf7
Rxf7 28. Rb1 Rd7 29. Rb6 Bxd4+ 30. cxd4 Nxd4 31. Nxd4 Rxd4 32. Rxa6 Rc4 33. c6
Kg7 34. Ra7+ Kg6 35. c7 Kf5 36. Kf2 Ke4 37. Ra4 Rxa4 38. c8=Q Rxa2+ 39. Kf1 Rxh2
40. Qg4+ Ke3 41. Qxg5+ Ke4 42. Kg1 Re2 43. Qf4+ Kd3 44. Qf5+ Ke3 45. Qxh7 Kf3
46. Qh5+ Ke3 47. Qxe2+ 1-0

[Event "ch-AUS 2024"]
[Site "Adelaide AUS"]
[Date "2024.01.03"]
[Round "2.11"]
[White "Soo, Kai Jie"]
[Black "Annapureddy, Rheyansh Reddy"]
[Result "1-0"]
[WhiteTitle "FM"]
[WhiteElo "2058"]
[BlackElo "1866"]
[WhiteFideId "5803454"]
[BlackFideId "3244806"]
[EventDate "2024.01.02"]
[EventType "swiss"]

1. d4 Nf6 2. c4 g6 3. g3 Bg7 4. Bg2 O-O 5. Nc3 d6 6. Nf3 c5 7. d5 e6 8. O-O Re8
9. Bg5 exd5 10. Nxd5 Nbd7 11. Re1 h6 12. Bxf6 Nxf6 13. Nd2 Nxd5 14. Bxd5 Bxb2
15. Rb1 Bg7 16. Bxb7 Bxb7 17. Rxb7 d5 18. Qb3 d4 19. Qf3 Qf6 20. Qd5 d3 21. e3
Rad8 22. Qf3 Qxf3 23. Nxf3 Bc3 24. Rd1 Bb4 25. Rxa7 d2 26. Kf1 Re6 27. Ke2 f5
28. h4 Kh8 29. a3 Bc3 30. Rb7 Re4 31. Nxd2 Bxd2 32. Rxd2 Rxd2+ 33. Kxd2 Rxc4 34.
Rb1 Ra4 35. Ra1 Kg7 36. Kc3 c4 37. Kb2 Ra7 38. a4 Kf6 39. Kc3 Ke5 40. Kxc4 Ke4
41. Ra2 Kf3 42. Kb5 g5 43. hxg5 hxg5 44. a5 Re7 45. a6 Re5+ 46. Kc4 Re4+ 47. Kd3
Re8 48. a7 Ra8 49. Kd4 g4 50. Ke5 Re8+ 51. Kxf5 Rf8+ 52. Ke5 Ra8 53. Kd4 Kg2 54.
e4 Kh3 55. e5 Rc8 56. a8=Q 1-0

[Event "ch-AUS 2024"]
[Site "Adelaide AUS"]
[Date "2024.01.03"]
[Round "2.12"]
[White "Hernandez Mendez, Iker"]
[Black "Nguyen Hong Anh"]
[Result "0-1"]
[BlackTitle "WIM"]
[WhiteElo "1834"]
[BlackElo "2020"]
[WhiteFideId "3243214"]
[BlackFideId "12406732"]
[EventDate "2024.01.02"]
[EventType "swiss"]

1. e4 c5 2. Nf3 Nc6 3. d4 cxd4 4. Nxd4 Nf6 5. Nc3 d6 6. Bg5 e6 7. Qd2 Be7 8.
O-O-O O-O 9. f4 h6 10. Bh4 Nxd4 11. Qxd4 Qa5 12. Kb1 e5 13. Qf2 exf4 14. Nd5
Nxd5 15. Rxd5 Bxh4 16. Qxh4 Qb4 17. Bd3 Be6 18. a3 Qb6 19. Rh5 Qd4 20. g4 f6 21.
Rd1 g5 22. Qh3 Qe3 23. Qxe3 fxe3 24. Be2 Bf7 25. Rxh6 Kg7 26. Rh3 Rh8 27. Rxe3
Rxh2 28. Rxd6 Rh1+ 29. Bd1 Re8 30. Kc1 Be6 31. Kd2 Rg1 32. e5 fxe5 33. Kc3 Kf6
34. Rd2 Rc8+ 35. Kb4 Rc4+ 36. Kb5 Rd4 37. Rf3+ Ke7 38. Rxd4 exd4 39. Rd3 Bxg4
40. Bxg4 Rxg4 41. c3 dxc3 42. Rxc3 Rd4 43. Rc5 g4 44. Rc7+ Rd7 45. Rc4 Rd5+ 46.
Kb4 Rg5 47. Rc1 g3 48. Kc4 g2 49. Rg1 Rg3 50. Kd5 Kf6 51. Ke4 Kg5 52. b4 Kg4 53.
a4 Kh3 54. Kf4 Kh2 0-1

[Event "ch-AUS 2024"]
[Site "Adelaide AUS"]
[Date "2024.01.03"]
[Round "2.13"]
[White "Li, Hui"]
[Black "De Vas, Saminda"]
[Result "1-0"]
[WhiteTitle "CM"]
[WhiteElo "1988"]
[BlackElo "1801"]
[WhiteFideId "15400310"]
[BlackFideId "9905260"]
[EventDate "2024.01.02"]
[EventType "swiss"]

1. e4 c5 2. Nf3 Nc6 3. d4 cxd4 4. Nxd4 Nf6 5. Nc3 g6 6. Nxc6 bxc6 7. e5 Ng8 8.
Bc4 Bg7 9. Bf4 Qa5 10. Qf3 e6 11. O-O Bxe5 12. b4 Qc7 13. Nb5 Qb8 14. Bxe5 Qxe5
15. Rad1 d5 16. Rfe1 Qb8 17. Bxd5 cxd5 18. Qxd5 Kf8 19. Qc5+ Kg7 20. Rd8 Qb6 21.
Qf8+ Kf6 22. Nd6 Rb8 23. Qxf7+ Kg5 24. Re5+ 1-0

[Event "ch-AUS 2024"]
[Site "Adelaide AUS"]
[Date "2024.01.03"]
[Round "2.14"]
[White "Rice, Leah"]
[Black "Melamed, Daniel"]
[Result "0-1"]
[BlackTitle "CM"]
[WhiteElo "1525"]
[BlackElo "1988"]
[WhiteFideId "5824605"]
[BlackFideId "3229076"]
[EventDate "2024.01.02"]
[EventType "swiss"]

1. d4 d5 2. Nf3 Nf6 3. Bf4 e6 4. e3 Bd6 5. Bg3 c5 6. c3 Qc7 7. Bd3 Nbd7 8. Nbd2
O-O 9. O-O e5 10. dxe5 Nxe5 11. Nxe5 Bxe5 12. f4 Bd6 13. Bh4 Be7 14. Nf3 b6 15.
Ne5 Bb7 16. Bf5 Rad8 17. Qa4 Rfe8 18. Rf3 d4 19. Rh3 g6 20. Qc2 dxe3 21. Rxe3
Nd5 22. Rg3 Bxh4 23. Rf3 Bf6 24. Ng4 Bg7 25. Bd3 Nxf4 26. Rxf4 Qxf4 27. h3 Qg3
28. Bc4 Re1+ 29. Rxe1 Qxe1+ 30. Bf1 Rd2 0-1

[Event "ch-AUS 2024"]
[Site "Adelaide AUS"]
[Date "2024.01.03"]
[Round "3.1"]
[White "Wallis, Christopher"]
[Black "Sardana, Rishi"]
[Result "0-1"]
[WhiteTitle "FM"]
[BlackTitle "IM"]
[WhiteElo "2263"]
[BlackElo "2470"]
[WhiteFideId "3204839"]
[BlackFideId "25004301"]
[EventDate "2024.01.02"]
[EventType "swiss"]

1. c4 e5 2. Nc3 Bb4 3. Nd5 Na6 4. Nxb4 Nxb4 5. Nf3 e4 6. Nd4 Nf6 7. Nc2 Nxc2+ 8.
Qxc2 O-O 9. d3 d5 10. Bg5 h6 11. Bf4 exd3 12. Qxd3 dxc4 13. Qxc4 c6 14. Rd1 Qb6
15. Be5 Be6 16. Qa4 Rfd8 17. Bd4 c5 18. Bc3 Rxd1+ 19. Kxd1 Nd5 20. Kc1 Nxc3 21.
bxc3 Rd8 22. e3 Bf5 23. Qb3 Qd6 24. Kb2 Qd2+ 25. Ka3 Bc2 26. Qb2 Rd6 27. Bc4 Rb6
28. Qa1 Qd7 0-1

[Event "ch-AUS 2024"]
[Site "Adelaide AUS"]
[Date "2024.01.03"]
[Round "3.2"]
[White "Liu, Yi"]
[Black "Solomon, Stephen J"]
[Result "1/2-1/2"]
[WhiteTitle "FM"]
[BlackTitle "IM"]
[WhiteElo "2260"]
[BlackElo "2277"]
[WhiteFideId "3210588"]
[BlackFideId "3200043"]
[EventDate "2024.01.02"]
[EventType "swiss"]

1. d4 d5 2. Nf3 e6 3. Bf4 c5 4. c3 Nc6 5. e3 Nf6 6. Nbd2 Bd6 7. Bg3 O-O 8. Bd3
b6 9. e4 dxe4 10. Nxe4 Nxe4 11. Bxe4 Bb7 12. dxc5 Bxc5 13. Qa4 b5 14. Qxb5 Qb6
15. Qxb6 Bxb6 16. Ne5 Nxe5 17. Bxb7 Nd3+ 18. Ke2 Rad8 19. b4 g5 20. Rhd1 Nf4+
21. Bxf4 gxf4 22. c4 Rxd1 23. Rxd1 Rd8 24. Rxd8+ Bxd8 25. c5 Kf8 26. Kd3 Ke7 27.
Kc4 Kd7 28. Kb5 Kc7 29. Ka6 Kb8 30. Be4 h5 31. b5 Be7 32. c6 Bc5 33. f3 h4 34.
Ka5 Kc7 35. Ka4 Bg1 36. h3 a6 37. Ka5 axb5 38. Kxb5 Kd6 39. Bh7 Be3 40. Bg8 f6
41. Bf7 Bf2 42. Be8 Be3 43. a4 Bf2 44. Bd7 e5 45. Kc4 Bb6 46. Kd3 Kd5 47. Kc3 1/2-1/2

[Event "ch-AUS 2024"]
[Site "Adelaide AUS"]
[Date "2024.01.03"]
[Round "3.3"]
[White "Tao, Trevor"]
[Black "Litchfield, Frederick"]
[Result "1/2-1/2"]
[WhiteTitle "IM"]
[BlackTitle "FM"]
[WhiteElo "2364"]
[BlackElo "2176"]
[WhiteFideId "3201961"]
[BlackFideId "3218295"]
[EventDate "2024.01.02"]
[EventType "swiss"]

1. e4 c5 2. Nf3 d6 3. Bb5+ Nd7 4. c4 Nf6 5. Nc3 e6 6. d4 cxd4 7. Qxd4 Be7 8. Bg5
O-O 9. Bxd7 Bxd7 10. O-O Bc6 11. Rfe1 Qd7 12. Rad1 Rfd8 13. Qd3 b6 14. Nd4 Bb7
15. Qg3 a6 16. b3 Qc7 17. Rd3 Rd7 18. Qh4 Ne8 19. Bxe7 Rxe7 20. Qg5 h6 21. Qd2
Rb8 22. f3 Nf6 23. Nc2 Rd7 24. Ne3 Rbd8 25. Rd1 Kf8 26. Kh1 Bc6 27. Qb2 Bb7 28.
Qf2 Bc6 29. h3 b5 30. cxb5 axb5 31. Nc2 Kg8 32. Nb4 Rc8 33. Qd2 Qa5 34. a3 Ba8
35. e5 Ne8 36. exd6 Qxa3 37. Qf4 Qxb3 38. Ncd5 Bxd5 39. Nxd5 Qxd5 40. Rxd5 exd5
41. Rxd5 Rcd8 42. Rxb5 Rxd6 43. Rb2 Nf6 44. Kh2 Rd4 45. Qe3 Rd3 46. Qf2 R3d6 47.
Qe3 1/2-1/2

[Event "ch-AUS 2024"]
[Site "Adelaide AUS"]
[Date "2024.01.03"]
[Round "3.4"]
[White "Ryjanova, Julia"]
[Black "Jordan, William"]
[Result "1-0"]
[WhiteTitle "WGM"]
[BlackTitle "FM"]
[WhiteElo "2285"]
[BlackElo "2143"]
[WhiteFideId "4127714"]
[BlackFideId "3200876"]
[EventDate "2024.01.02"]
[EventType "swiss"]

1. d4 Nf6 2. c4 g6 3. g3 c6 4. Bg2 d5 5. cxd5 cxd5 6. Nf3 Bg7 7. Nc3 O-O 8. Ne5
Nbd7 9. O-O e6 10. f4 Ne8 11. b3 f6 12. Nd3 Nb8 13. Ba3 Rf7 14. Rc1 Nc6 15. e3
Nd6 16. g4 Bf8 17. Bxd6 Bxd6 18. f5 gxf5 19. gxf5 Rg7 20. fxe6 Bxe6 21. Nf4 Bf7
22. Kh1 Kh8 23. Qf3 Ne7 24. Nh5 Bxh5 25. Qxh5 Rc8 26. Bh3 f5 27. Ne2 Ba3 28.
Rxc8 Qxc8 29. Bxf5 Qg8 30. Bh3 Rg5 31. Qf3 Bd6 32. Qf6+ Qg7 33. Qxd6 1-0

[Event "ch-AUS 2024"]
[Site "Adelaide AUS"]
[Date "2024.01.03"]
[Round "3.5"]
[White "Le, Tri Kien"]
[Black "Lee, Aaron James"]
[Result "1-0"]
[WhiteTitle "CM"]
[WhiteElo "2243"]
[BlackElo "2051"]
[WhiteFideId "12411027"]
[BlackFideId "3232409"]
[EventDate "2024.01.02"]
[EventType "swiss"]

1. d4 d5 2. c4 e6 3. Nc3 Nf6 4. cxd5 exd5 5. Bg5 c6 6. e3 Be7 7. Bd3 O-O 8. Qc2
h6 9. Bh4 Re8 10. Nf3 Ne4 11. Bg3 Nxg3 12. hxg3 Nd7 13. O-O Bd6 14. a3 Nf6 15.
b4 a6 16. Na4 Bg4 17. Nc5 Qe7 18. Rfc1 Ne4 19. Bxe4 dxe4 20. Ne5 Bxe5 21. Qxe4
Bxg3 22. Qxg4 Bd6 23. Rab1 Rf8 24. g3 f5 25. Qf3 Rae8 26. Kg2 g5 27. Qh5 Kg7 28.
Rh1 Rh8 29. Na4 Ref8 30. Nc3 Rf6 31. Qf3 Rhf8 32. Rbd1 R8f7 33. d5 Be5 34. Na4
g4 35. Qe2 cxd5 36. Qd3 Rd6 37. Rh5 Kg6 38. Rdh1 Bg7 39. Nc3 Qe6 40. R5h4 Kh7
41. Rd1 d4 42. Ne2 Rfd7 43. exd4 Qd5+ 44. Kg1 Kg8 45. Rh5 Rf7 46. Nf4 Qxd4 47.
Qxd4 Bxd4 48. Kg2 Kh7 49. Re1 Bg7 50. Ne6 Kg6 51. Nf4+ Kf6 52. Rc1 b6 53. a4 Re7
54. Rhh1 Re4 55. Rc7 Bf8 56. Rb1 b5 57. axb5 axb5 58. Rb7 Re5 59. Ra1 Rc6 60.
Raa7 Re8 61. Rf7+ Ke5 62. Rab7 Bxb4 63. Nd3+ 1-0

[Event "ch-AUS 2024"]
[Site "Adelaide AUS"]
[Date "2024.01.03"]
[Round "3.6"]
[White "Zhang, Jilin"]
[Black "Dragicevic, Domagoj"]
[Result "1-0"]
[WhiteTitle "WGM"]
[BlackTitle "FM"]
[WhiteElo "2170"]
[BlackElo "2040"]
[WhiteFideId "8602867"]
[BlackFideId "3203328"]
[EventDate "2024.01.02"]
[EventType "swiss"]

1. e4 e5 2. Nf3 Nc6 3. d4 exd4 4. Nxd4 Nf6 5. Nxc6 bxc6 6. e5 Qe7 7. Qe2 Nd5 8.
c4 Ba6 9. b3 g6 10. Bb2 Bg7 11. Nd2 O-O 12. O-O-O f6 13. Qe4 f5 14. Qe1 Nf4 15.
Nf3 Ne6 16. h4 c5 17. h5 Rfd8 18. hxg6 hxg6 19. Bd3 Bb7 20. Qe3 Kf7 21. g4 fxg4
22. Nh4 Bxh1 23. Bxg6+ Kg8 24. Rxh1 Qg5 25. Qxg5 Nxg5 26. Nf5 Ne6 27. Rg1 Kf8
28. Rxg4 Rab8 29. f4 Rb6 30. Nxg7 Nxg7 31. f5 d5 32. Rh4 Kg8 33. e6 Nxe6 34.
Rh8# 1-0

[Event "ch-AUS 2024"]
[Site "Adelaide AUS"]
[Date "2024.01.03"]
[Round "3.7"]
[White "Asaka, Samuel"]
[Black "Li, Hui"]
[Result "1-0"]
[BlackTitle "CM"]
[WhiteElo "2125"]
[BlackElo "1988"]
[WhiteFideId "3228690"]
[BlackFideId "15400310"]
[EventDate "2024.01.02"]
[EventType "swiss"]

1. d4 d5 2. c4 e6 3. Nf3 Nf6 4. g3 dxc4 5. Bg2 Be7 6. Qa4+ Bd7 7. Qxc4 Bc6 8.
O-O Bd5 9. Qd3 Be4 10. Qd1 c5 11. Nc3 Bc6 12. Qd3 cxd4 13. Nxd4 Bxg2 14. Kxg2
Nc6 15. Qb5 Qd7 16. Nxc6 bxc6 17. Qa6 O-O 18. Rd1 Qc7 19. Na4 Rfd8 20. Bf4 Qc8
21. Rxd8+ Bxd8 22. Qc4 Qb7 23. Rc1 Rc8 24. Bg5 h6 25. Bxf6 Bxf6 26. b3 Be7 27.
h4 h5 28. Rc3 g6 29. Rf3 Bf8 30. Nc3 Bg7 31. Ne4 Rd8 32. Ng5 Rd7 33. Kh2 Qb5 34.
Qc2 Qb6 35. Kg1 Qb5 36. Rf4 Qd5 37. Rc4 Rd6 38. Ne4 Qd1+ 39. Kg2 Qxc2 40. Rxc2
Rd1 41. Rxc6 Be5 42. Ra6 f5 43. Ng5 1-0

[Event "ch-AUS 2024"]
[Site "Adelaide AUS"]
[Date "2024.01.03"]
[Round "3.8"]
[White "Nguyen Hong Anh"]
[Black "Phan, Nguyen Mai Chi"]
[Result "1-0"]
[WhiteTitle "WIM"]
[BlackTitle "WFM"]
[WhiteElo "2020"]
[BlackElo "2122"]
[WhiteFideId "12406732"]
[BlackFideId "12401684"]
[EventDate "2024.01.02"]
[EventType "swiss"]

1. d4 Nf6 2. c4 e6 3. g3 d5 4. Bg2 h6 5. Nf3 dxc4 6. O-O c5 7. Qa4+ Nbd7 8. Nc3
Be7 9. dxc5 Bxc5 10. Qxc4 a6 11. b4 Be7 12. Bf4 b5 13. Qb3 Bb7 14. Rfd1 O-O 15.
Rac1 Rc8 16. Ne5 Bxg2 17. Kxg2 Qb6 18. Nxd7 Nxd7 19. Ne4 Nf6 20. Nxf6+ Bxf6 21.
Qf3 e5 22. Bxh6 Rc4 23. Be3 Qe6 24. Bc5 Be7 25. Rxc4 bxc4 26. Qd5 Bxc5 27. bxc5
Qxd5+ 28. Rxd5 Rc8 29. Kf3 f6 30. Ke3 Kf7 31. Kd2 Ke6 32. e4 f5 33. f3 fxe4 34.
fxe4 Rf8 35. Kc3 Rf2 36. Rd2 Rf3+ 37. Kxc4 Re3 38. Rd6+ Ke7 39. Kd5 Ra3 40. Re6+
Kd8 41. Rd6+ Kc8 42. Rg6 Rxa2 43. h4 a5 44. Rxg7 a4 45. Kc4 Rb2 46. Ra7 Rg2 47.
Rxa4 Rxg3 48. h5 Kb7 49. Rb4+ Kc7 50. Rb6 1-0

[Event "ch-AUS 2024"]
[Site "Adelaide AUS"]
[Date "2024.01.03"]
[Round "3.9"]
[White "Leaver, Kyle"]
[Black "Leong, Benjamin"]
[Result "0-1"]
[BlackTitle "CM"]
[WhiteElo "2062"]
[BlackElo "1879"]
[WhiteFideId "3228410"]
[BlackFideId "3238512"]
[EventDate "2024.01.02"]
[EventType "swiss"]

1. e4 c5 2. Nf3 d6 3. d4 cxd4 4. Nxd4 Nf6 5. Nc3 a6 6. f3 e5 7. Nb3 Be7 8. Be3
Be6 9. Qd2 h5 10. Be2 Nbd7 11. Nd5 Nxd5 12. exd5 Bf5 13. O-O O-O 14. Na5 Qc7 15.
c4 Bd8 16. b4 b6 17. Nc6 Bf6 18. Rad1 Nb8 19. f4 e4 20. Nd4 Bg4 21. Rc1 Bxd4 22.
Bxd4 f5 23. h3 Bxe2 24. Qxe2 Nd7 25. Qxh5 a5 26. a3 axb4 27. axb4 Ra4 28. Bc3
Ra2 29. Qd1 Rfa8 30. Qd4 Nf6 31. Bd2 R8a4 32. Ra1 Rxa1 33. Rxa1 Rxa1+ 34. Qxa1
Qxc4 35. Bc3 Nh5 36. Qa8+ Kh7 37. Qc6 Qd3 38. Qe8 Qe3+ 39. Kh1 Ng3+ 0-1

[Event "ch-AUS 2024"]
[Site "Adelaide AUS"]
[Date "2024.01.03"]
[Round "3.10"]
[White "Melamed, Daniel"]
[Black "Soo, Kai Jie"]
[Result "1/2-1/2"]
[WhiteTitle "CM"]
[BlackTitle "FM"]
[WhiteElo "1988"]
[BlackElo "2058"]
[WhiteFideId "3229076"]
[BlackFideId "5803454"]
[EventDate "2024.01.02"]
[EventType "swiss"]

1. d4 Nf6 2. Nf3 d5 3. Bf4 c5 4. e3 Nc6 5. c3 Qb6 6. Qc2 cxd4 7. exd4 g6 8. Nbd2
Bg7 9. Be2 O-O 10. O-O Nh5 11. Be3 Qc7 12. Rfe1 Bg4 13. Qb3 Nf6 14. h3 Bxf3 15.
Nxf3 e6 16. Rad1 Nd7 17. Qc2 Na5 18. Qc1 Nc4 19. Bh6 b5 20. Bxg7 Kxg7 21. b3 Nd6
22. Qf4 Rfc8 23. Rc1 a6 24. Ne5 Nxe5 25. Qxe5+ Kg8 26. Bd3 Nf5 27. Bxf5 Qxe5 28.
Rxe5 gxf5 29. Re2 a5 30. Rec2 Rc6 31. c4 dxc4 32. bxc4 Rac8 33. c5 Rd8 34. Rd2
Rd5 35. a3 b4 36. axb4 axb4 37. Rc4 e5 38. Rxb4 Rxd4 39. Rdxd4 exd4 40. Rc4 d3
41. Kf1 Re6 42. Rd4 Re5 43. c6 Rc5 44. Rxd3 Rxc6 45. Rd5 Rf6 46. Ke2 Kg7 47. Kf3
Kg6 48. Kf4 Ra6 49. g3 Ra4+ 50. Kf3 h6 51. Rd6+ f6 52. Rb6 Kg5 53. Rb8 Ra3+ 54.
Kg2 Kg6 55. h4 Ra4 56. f4 Kh5 57. Kh3 Ra6 58. Rb5 Kg6 59. Rb8 Kh5 60. Rb5 Kg6 1/2-1/2

[Event "ch-AUS 2024"]
[Site "Adelaide AUS"]
[Date "2024.01.03"]
[Round "3.11"]
[White "Salasan, Haran"]
[Black "Bukreyev, Andriy"]
[Result "1/2-1/2"]
[WhiteTitle "CM"]
[BlackTitle "CM"]
[WhiteElo "1952"]
[BlackElo "1967"]
[WhiteFideId "3221253"]
[BlackFideId "3242730"]
[EventDate "2024.01.02"]
[EventType "swiss"]

1. d4 Nf6 2. c4 c5 3. d5 g6 4. Nc3 Bg7 5. e4 d6 6. Nf3 O-O 7. Be2 e6 8. O-O exd5
9. exd5 Bg4 10. Bf4 a6 11. Qd2 Re8 12. h3 Bxf3 13. Bxf3 Qc7 14. a4 Nbd7 15. Rfe1
b6 16. g4 Nf8 17. Bg2 N6d7 18. Ne4 Ne5 19. Rac1 Nfd7 20. Bg3 Nf6 21. f4 Nxe4 22.
Rxe4 Nd7 23. Rce1 Nf6 24. Rxe8+ Rxe8 25. Rxe8+ Nxe8 26. Qe2 Qd7 27. b3 Bd4+ 28.
Kh2 Ng7 29. Bh4 f6 30. Be1 a5 31. Bd2 1/2-1/2

[Event "ch-AUS 2024"]
[Site "Adelaide AUS"]
[Date "2024.01.03"]
[Round "3.12"]
[White "Rodgers, Jack"]
[Black "Lane, Gary W"]
[Result "1/2-1/2"]
[WhiteTitle "FM"]
[BlackTitle "IM"]
[WhiteElo "2059"]
[BlackElo "2342"]
[WhiteFideId "3220885"]
[BlackFideId "3203301"]
[EventDate "2024.01.02"]
[EventType "swiss"]

1. d4 d5 2. c4 dxc4 3. e3 e5 4. Bxc4 exd4 5. Nf3 Bd6 6. Qb3 Qf6 7. exd4 Ne7 8.
O-O O-O 9. Nc3 Nbc6 10. Ne4 Qg6 11. Nxd6 Qxd6 12. Bd2 a5 13. a4 Bg4 14. Ng5 Bh5
15. Qh3 Bg6 16. Rad1 Qxd4 17. Bxf7+ Rxf7 18. Nxf7 Bxf7 19. Bc3 Qf4 20. Rd3 Nd5
21. Rf3 Qd6 22. Bxg7 Kxg7 23. Rxf7+ Kxf7 24. Qxh7+ Ke6 25. Qh3+ Ke5 26. Qh5+ Kd4
27. Rc1 Qe5 28. Qd1+ Ke4 29. Qf3+ Kd4 30. Qd1+ Ke4 1/2-1/2

[Event "ch-AUS 2024"]
[Site "Adelaide AUS"]
[Date "2024.01.03"]
[Round "3.13"]
[White "Annapureddy, Rheyansh Reddy"]
[Black "Rice, Leah"]
[Result "1-0"]
[WhiteElo "1866"]
[BlackElo "1525"]
[WhiteFideId "3244806"]
[BlackFideId "5824605"]
[EventDate "2024.01.02"]
[EventType "swiss"]

1. e4 c6 2. d4 d5 3. exd5 cxd5 4. Bd3 Nc6 5. c3 Nf6 6. h3 e6 7. Nf3 Bd6 8. O-O
h6 9. Re1 Qc7 10. Qe2 O-O 11. Ne5 Bxe5 12. dxe5 Nd7 13. f4 Nc5 14. Bb5 a6 15.
Be3 b6 16. Bxc5 bxc5 17. Bxc6 Qxc6 18. Nd2 a5 19. Qf2 a4 20. b4 cxb4 21. cxb4 a3
22. Rec1 Qa4 23. Rab1 Ba6 24. Rc3 Rab8 25. Qd4 Rfc8 26. Rg3 Bc4 27. f5 exf5 28.
e6 g5 29. Qf6 Qa7+ 30. Kh2 Kh7 31. e7 Rg8 32. Qxf7+ Rg7 33. Qxf5+ Rg6 34. Nxc4
dxc4 35. Re1 Qa4 36. Qf7+ Rg7 37. e8=Q Rxe8 38. Qxe8 Qxb4 39. Qe4+ Kh8 40. Qc6
Qxe1 41. Qxh6+ Kg8 42. Rxg5 Qe7 43. Rh5 Rh7 44. Qg5+ Kf8 45. Qf5+ Qf7 46. Qc8+
Kg7 47. Rg5+ Kh6 48. Qg4 1-0

[Event "ch-AUS 2024"]
[Site "Adelaide AUS"]
[Date "2024.01.03"]
[Round "3.14"]
[White "De Vas, Saminda"]
[Black "Hernandez Mendez, Iker"]
[Result "1-0"]
[WhiteElo "1801"]
[BlackElo "1834"]
[WhiteFideId "9905260"]
[BlackFideId "3243214"]
[EventDate "2024.01.02"]
[EventType "swiss"]

1. d4 Nf6 2. c4 e6 3. g3 c5 4. e3 cxd4 5. exd4 d5 6. Bg2 dxc4 7. Qa4+ Nc6 8.
Bxc6+ bxc6 9. Qxc4 Bb7 10. Ne2 c5 11. Qb5+ Qd7 12. Qxd7+ Nxd7 13. O-O Ba6 14.
Nbc3 cxd4 15. Nxd4 Bxf1 16. Kxf1 Bc5 17. Be3 e5 18. Ndb5 O-O 19. Bxc5 Nxc5 20.
Rd1 Rfd8 21. Rxd8+ Rxd8 22. Nxa7 Rd2 23. b4 Nd3 24. b5 Rxf2+ 25. Kg1 Rc2 26. Nd5
Rxa2 27. b6 Nc5 28. Nc6 Kf8 29. Nxe5 f6 30. Nc4 Nb7 31. h4 Kf7 32. g4 Na5 33.
Nxa5 Rxa5 34. b7 Rb5 35. Kg2 Rxb7 36. Kf3 Ke6 37. Nf4+ Ke5 38. Nd3+ Kd4 39. Nf4
Rb3+ 40. Kg2 Ke5 41. Ne2 Rb2 42. Kf3 Rxe2 1-0

[Event "ch-AUS 2024"]
[Site "Adelaide AUS"]
[Date "2024.01.04"]
[Round "4.1"]
[White "Sardana, Rishi"]
[Black "Ryjanova, Julia"]
[Result "1-0"]
[WhiteTitle "IM"]
[BlackTitle "WGM"]
[WhiteElo "2470"]
[BlackElo "2285"]
[WhiteFideId "25004301"]
[BlackFideId "4127714"]
[EventDate "2024.01.02"]
[EventType "swiss"]

1. e4 c6 2. d4 d5 3. e5 Bf5 4. Nf3 e6 5. Be2 Bb4+ 6. Nbd2 Ba5 7. O-O Nd7 8. c4
h6 9. cxd5 cxd5 10. Nb3 Bc7 11. Nc5 Nxc5 12. dxc5 Ne7 13. Bb5+ Kf8 14. Re1 Bg4
15. h3 Bxf3 16. Qxf3 Ng6 17. Qh5 Qh4 18. Qxh4 Nxh4 19. Bd3 g5 20. b4 Rd8 21. f3
Ng6 22. Bb2 Nf4 23. Bf1 d4 24. Rad1 Ke7 25. Bxd4 Rd5 26. Bc4 Rd7 27. Bb2 Rxd1
28. Rxd1 Ng6 29. Rd6 Rb8 30. Bb5 Rd8 31. g3 a6 32. Bd3 Bxd6 33. exd6+ Kd7 34.
Bf6 Rb8 35. Bc2 Kc6 36. Ba4+ b5 37. Bc2 Kd7 38. Be4 a5 39. bxa5 Rc8 40. Bd4 f5
41. Bb7 e5 42. Bxc8+ Kxc8 43. a6 exd4 44. a7 1-0

[Event "ch-AUS 2024"]
[Site "Adelaide AUS"]
[Date "2024.01.04"]
[Round "4.2"]
[White "Litchfield, Frederick"]
[Black "Liu, Yi"]
[Result "1-0"]
[WhiteTitle "FM"]
[BlackTitle "FM"]
[WhiteElo "2176"]
[BlackElo "2260"]
[WhiteFideId "3218295"]
[BlackFideId "3210588"]
[EventDate "2024.01.02"]
[EventType "swiss"]

1. Nf3 d5 2. e3 Nf6 3. b3 Bf5 4. Bb2 e6 5. h3 h6 6. g4 Bh7 7. d3 Nc6 8. Bg2 Bd6
9. Nc3 e5 10. Qe2 O-O 11. O-O Re8 12. Nd2 Bf8 13. a3 a5 14. Qf3 e4 15. dxe4 dxe4
16. Qe2 Qe7 17. Rfd1 Qc5 18. Qb5 Re5 19. Qxc5 Rxc5 20. Nf1 h5 21. gxh5 Nxh5 22.
Rd5 f5 23. Rad1 Rxd5 24. Rxd5 Nf6 25. Rd2 Rd8 26. Nb5 Ne8 27. Rxd8 Nxd8 28. Ng3
c6 29. Nd4 Nd6 30. Bf1 Kf7 31. Bc3 b6 32. Be2 g5 33. a4 Bg6 34. f3 c5 35. Nb5
Nxb5 36. axb5 exf3 37. Bxf3 Bg7 38. Bd5+ Kf8 39. Ne2 Be8 40. Bxg7+ Kxg7 41. c4
Kf6 42. Nc3 Ke5 43. Kf2 Kd6 44. Kg3 Bg6 45. Kf2 Nf7 46. Bg2 f4 47. Be4 Bxe4 48.
Nxe4+ Ke5 49. Nc3 Nd6 50. exf4+ gxf4 51. h4 Kf5 52. Kf3 Nf7 53. Nd5 Ne5+ 54. Ke2
Kg4 55. Nxb6 Kg3 56. Nd5 f3+ 57. Kf1 Ng4 58. Ke1 Kg2 59. Nf4+ Kg3 60. Nd3 Ne5
61. Nxe5 1-0